Vodné hospodárstvo v Slovenskej republike za rok 1993 Výsledky zo spracovania výkazov Vod 1-01, Vod 1a-01 a Vod 2-01

Gespeichert in:
Bibliographische Detailangaben
Format: Buch
Sprache:Slowakisch
Veröffentlicht: Bratislava Štatistický úrad SR 1994
Schriftenreihe:Štatistické čísla a grafy
Schlagworte:
Tags: Tag hinzufügen
Keine Tags, Fügen Sie das erste Tag hinzu!

MARC

LEADER 00000nam a2200000 4500
001 c005279
005 20250204082213.5
041 0 |a slo 
044 |a SK 
245 1 0 |a Vodné hospodárstvo v Slovenskej republike za rok 1993  |b Výsledky zo spracovania výkazov Vod 1-01, Vod 1a-01 a Vod 2-01  |c L. Buzinkayová 
264 1 |a Bratislava  |b Štatistický úrad SR  |c 1994 
300 |a 41 s. 
490 1 |a Štatistické čísla a grafy 
830 0 |a Štatistické čísla a grafy 
610 2 0 |a Slovensko 
610 2 0 |a vodohospodárstvo 
610 2 0 |a Bratislava